Capitals, Largest Cities, Languages, and Religions 2 - Statistics

General Stats
  • This quiz has been taken 70 times
    54 since last reset
  • The average score is 195 of 309
Answer Stats
Hint Answer % Correct
Religion Ibadi Islam
94%
Religion Islam
94%
Religion Sunni Islam
94%
Language Dutch
91%
Language English
91%
Language Korean
91%
Religion Orthodox Christianity
91%
Language Polish
91%
Language Portuguese
91%
Language Spanish
91%
Capital Amsterdam
89%
Language Arabic
89%
Capital Bucharest
89%
Capital Moscow
89%
Capital Oslo
89%
Capital Pyongyang
89%
Religion Roman Catholicism
89%
Language Romanian
89%
Religion Russian Orthodox Christianity
89%
Capital Warsaw
89%
Religion Anglicanism
86%
Religion Catholicism
86%
Religion Christianity
86%
Religion Eastern Orthodox Christianity
86%
Language Norwegian
86%
Religion Protestantism
86%
Language Russian
86%
Language Tagalog
86%
Largest Cities Auckland | Christchurch | Hamilton | Tauranga | Lowe Hutt
83%
Religion Buddhism
83%
Religion Eastern Orthodox Christianity
83%
Largest Cities Karachi | Lahore | Faisalabad | Rawalpindi | Gujranwala
83%
Capital Lima
83%
Capital Lisbon
83%
Language Macedonian
83%
Capital Manila
83%
Language Nepali
83%
Capital Panama City
83%
Largest Cities Saint Petersburg | Novosibirsk | Yekaterinburg | Kazan | Nizhny Novgorod
83%
Capital Wellington
83%
Capital Doha
80%
Capital Islamabad
80%
Largest Cities Kraków | Wrocław | Łódź | Poznań | Gdańsk
80%
Largest Cities Lagos | Kano | Ibadan | Kaduna | Benin City
80%
Largest Cities Porto | Vila Nova de Gaia | Amadora | Braga | Coimbra
80%
Largest Cities Rotterdam | The Hague | Utrecht | Eindhoven | Leiden
80%
Capital Windhoek
80%
Language Italian
77%
Capital Kathmandu
77%
Capital San Marino
77%
Capital Asunción
74%
Capital Brazzaville
74%
Language German
74%
Capital Kigali
74%
Capital Muscat
74%
Capital Port Moresby
74%
Language Serbian
74%
Language Seychellois Creole
74%
Capital Skopje
74%
Capital Stockholm
74%
Language Swedish
74%
Language Urdu
74%
Capital Abuja
71%
Capital Belgrade
71%
Largest Cities Bergen | Trondheim | Stavanger | Bærum | Kristiansand
71%
Capital Bern
71%
Capital Managua
71%
Capital Damascus
69%
Religion Hinduism
69%
Largest Cities Jeddah | Mecca | Medina | Dammam | Hofuf
69%
Capital London
69%
Capital Niamey
69%
Language Samoan
69%
Capital Singapore
69%
Language Slovak
69%
Language Swahili
69%
Language Tajik
69%
Language Thai
69%
Language Turkmen
69%
Language Uzbek
69%
Capital Vatican City
69%
Largest Cities Zürich | Geneva | Basel | Lausanne | Winterthur
69%
Largest Cities Arequipa | Trujillo | Chiclayo | Piura | Cusco
66%
Largest Cities Barcelona | Valéncia | Sevilla | Zaragoza | Málaga
66%
Capital Bratislava
66%
Largest Cities Colombo | Kaduwela | Maharagama | Kesbewa | Dehiwala - Mount Lavinia
66%
Capital Dakar
66%
Largest Cities Dubai | Sharjah | Al Ain | Ajman | Ras al-Khaimah
66%
Capital Freetown
66%
Largest Cities Istanbul | Izmir | Bursa | Adana | Gaziantep
66%
Largest Cities Johannesburg | Durban | Port Elizabeth | Soshanguve | Evaton
66%
Capital Madrid
66%
Capital Riyadh
66%
Capital São Tomé
66%
Capital Seoul
66%
Language Slovene
66%
Language Turkish
66%
Language Ukrainian
66%
Capital Washington, D.C
66%
Largest Cities Aleppo | Homs | Latakia | Hama | Ar Raqqah
63%
Capital Apia
63%
Capital Bangkok
63%
Largest Cities Birmingham | Glasgow | Leeds | Liverpool | Edinburgh
63%
Largest Cities Cluj-Napoca | Iași | Constanța | Timișoara | Brașov
63%
Largest Cities Dar es Salaam | Mwanza | Zanzibar | Arusha | Mbeya
63%
Largest Cities Gothenburg | Malmö | Uppsala | Västerås | Örebro
63%
Capital Hanoi
63%
Religion Irreligious
63%
Capital Khartoum
63%
Capital Ljubljana
63%
Language Nauruan
63%
Largest Cities New York City | Los Angeles | Chicago | Houston | Phoenix
63%
Pretoria
63%
Capital Tunis
63%
Language Vietnamese
63%
Capital Ankara
60%
Largest Cities Busan | Incheon | Daegu | Daejeon | Gwangju
60%
Cape Town
60%
Capital Caracas
60%
Capital Castries
60%
Largest Cities Cebu | Angeles | Davao | Cagayan de Oro | Zamboanga
60%
Religion Evangelical Lutheranism
60%
Largest Cities Ho Chi Minh City | Da Nang | Haiphong | Bien Hoa | Can Tho
60%
Capital Juba
60%
Language Kinyarwanda
60%
Language Krio
60%
Capital Kyiv
60%
Religion Lutheran Christian Church of Sweden
60%
Capital Montevideo
60%
Language Somali
60%
Language Tongan
60%
Language Trinidadian Creole
60%
Capital Victoria
60%
Language Zulu
60%
Capital Abu Dhabi
57%
Capital Bloemfontein
57%
Capital Dodoma
57%
Capital Dushanbe
57%
Capital Kampala
57%
Largest Cities Kharkiv | Odessa | Dnipro | Donetsk | Lviv
57%
Capital Ngerulmud
57%
Language Sinhala
57%
Language Vincentian Creole
57%
Capital Dili
54%
Capital Lome
54%
Language Palauan
54%
Capital Tashkent
54%
Capital Yaren
54%
Capital Ashgabat
51%
Capital Basseterre
51%
Capital Mogadishu
51%
Largest Cities Novi Sad | Niš | Kragujevac | Subotica | Pančevo
51%
Capital Nuku'alofa
51%
Capital Paramaribo
51%
Capital Sana'a
51%
Language Tuvaluan
51%
Capital Funafuti
49%
Capital Harare
49%
Capital Lusaka
49%
Capital Port of Spain
49%
Capital Sri Jayawardenepura Kotte
49%
Capital Honiara
46%
Largest Cities Košice | Prešov | Žilina | Nitra | Banská Bystrica
46%
Capital Port Vila
46%
Language Wolof
46%
Largest Cities Aden | Taiz | Al-Hudaydah | Ibb | Al-Mukalla
43%
Language Bislama
43%
Largest Cities Maracaibo | Valencia | Barquisimeto | Ciudad Guayana | Maturín
43%
Largest Cities Sfax | Sousse | Kairouan | Bizerte | La Soukra
43%
Language Tetum
40%
Religion Anglicanism
37%
Religion Eastern Orthodox Christianity
37%
Capital Kingstown
37%
Largest Cities Maribor | Kranj | Celje | Koper | Velenje
37%
Language Tok Pisin
37%
Largest Cities Namangan | Samarkand | Andijan | Nukus | Fergana
34%
Language Shona
34%
Largest Cities Pointe-Noire | Dolisie | Nkayi | Impfondo | Ouesso
31%
Largest Cities Rundu | Walvis Bay | Swakopmund | Oshakati | Rehoboth
31%
Largest Cities Kenema | Bo | Koidu | Makeni | Bonthe
29%
Largest Cities Omdurman | Nyala | Port Sudan | El Obeid | Kassala
29%
Largest Cities Hargeisa | Merca | Berbera | Kismayo | Afgooye
26%
Largest Cities Seeb | Bawshar | Salalah | Sohar | Amarat
26%
Language Tunisian Arabic
26%
Largest Cities Hamhung | Chongjin | Sinujiu | Wonsan | Nampo
23%
Largest Cities Kitwe | Ndola | Kabwe | Chingola | Mufulira
23%
Largest Cities Léon | Tipitapa | Masaya | Ciudad Sandino | Chinandega
23%
Largest Cities Pokhara | Bharatpur | Lalitpur | Birgunj | Biratnagar
23%
Largest Cities Bulawayo | Chitungwiza | Mutare | Epworth | Gweru
20%
Largest Cities Georgetown | Byera Village | Biabou | Barrouallie | Port Elizabeth
20%
Largest Cities Gisenyi | Ruhengeri | Butare | Gitarama | Byumba
20%
Largest Cities Koror | Airai | Meyuns | Ngetkib | Kloulklubed
20%
Religion Methodist
20%
Largest Cities Touba | Thiès | Kaolack | Mbour | Rufisque
20%
Largest Cities Ciudad del Este | Luque | San Lorenzo | Capiatá | Lambaré
17%
Language Hausa
17%
Largest Cities Kumanovo | Bitola | Prilep | Tetovo | Štip
17%
Language Patois
17%
Largest Cities Serravalle | Borgo Maggiore | Domagnano | Fiorentino | Acquaviva
17%
Largest Cities Turkmenabat | Dashoguz | Mary | Balkanabat | Turkmenbashi
17%
Largest Cities Chaguanas | San Fernando | Arima | Sangre Grande | Point Fortin
14%
Largest Cities Nansana | Kira | Makindye Ssabagabo | Kyengera | Mbarara
14%
Religion Presbyterianism
14%
Largest Cities Arijejen | Denigomodu | Menen | Boe | Baitsi
11%
Language Ewe
11%
Largest Cities Koewarasan | Lelydorp | Houttuin | Kwatta | Nieuw Amsterdam
11%
Largest Cities Lae | Wewak | Madang | Mount Hagen | Kimbe
11%
Largest Cities Salto | Ciudad de la Costa | Paysandú | Las Piedras | Rivera
11%
Largest Cities Al-Rayyan | Umm Salal | Al-Wakrah | Al-Khor | Al-Shahaniya
9%
Largest Cities Bexon | Babonneau | Ciceron | Dennery | Vieux Fort
9%
Largest Cities Cascade | Anse Étoile | Perseverance | Au Cap | Beau Vallon
9%
Largest Cities Neves | Santana | Trindade | Almas | Pantufo
9%
Language Nyanja
9%
Largest Cities Cayon | Sandy Point Town | Gingerland | Charlestown | Old Road Town
6%
Language Kituba
6%
Largest Cities Maradi | Zinder | Tahoua | Agadez | Arlit
6%
Largest Cities Neiafu | Havelu | Tofoa-Koloua | Vaini | Ha'ateiho
6%
Language Nuer
6%
Largest Cities San Miguelito | Las Cumbres | La Chorrera | Tocumen | Pacora
6%
Largest Cities Vaitele | Faleasiu | Aleisa Sasa'e | Siusega | Vailele
6%
Largest Cities Wau | Malakal | Yambio | Yei | Renk
6%
Largest Cities Baucau | Maliana | Lospalos | Pante Macassar | Suai
3%
Largest Cities Khujand | Qurgonteppa | Kulob | Istarawshan | Tursunzoda
3%
Largest Cities Luganville | Isangel | Lakatoro | Longana | Port Olry
3%
Largest Cities Nonthaburi | Pak Kret | Hat Yai | Chaophraya Surasak | Surat Thani
3%
Language Oshiwambo
3%
Largest Cities Sokodé | Lama-Kara | Palimé | Atakpamé | Dapango
3%
Largest Cities Tandai | Malango | Auki | Gizo | Noro
3%
Largest Planning Areas Bedok | Jurong West | Tampines | Woodlands | Sengkang
0%
Language Solomons Pijin
0%
Largest Cities Vaiaku | Senala | Fakaifou | Alapi | Asau
0%
No matching quizzes found
Score Distribution
Percent of People with Each Score
Percentile by Number Answered
Your Score History
You have not taken this quiz since the last reset